000
00350 a2200169 4500
001
184066
020
_a
85-02-04337-4
040
_c
Magnum
100
_a
Vieira, Janaina
240
1
0
_a
O blog da marina
_l
por
245
1
0
_a
O blog da marina
300
_a
67
362
0
_a
2003
440
1
_a
Saraiva
697
_a
LITERATURA JUVENIL
942
_c
BK
999
_c
184066
_d
184066